Advances in protein chemitry: T23

Wedi'i Gadw mewn:
Manylion Llyfryddiaeth
Fformat: Llyfr
Iaith:Undetermined
Cyhoeddwyd: New York Academic 1968
Pynciau:
Tagiau: Ychwanegu Tag
Dim Tagiau, Byddwch y cyntaf i dagio'r cofnod hwn!
Thư viện lưu trữ: Trung tâm Học liệu Trường Đại học Cần Thơ
LEADER 00503nam a2200181Ia 4500
001 CTU_19261
008 210402s9999 xx 000 0 und d
082 |a 547.54 
082 |b A244/T23 
245 0 |a Advances in protein chemitry: T23 
260 |a New York 
260 |b Academic 
260 |c 1968 
526 |a Dinh dưỡng cộng đồng 
526 |b NN682 
650 |a proteins 
904 |i Nguyễn Quang Điền, 960601 
980 |a Trung tâm Học liệu Trường Đại học Cần Thơ